000
00305nam a22001457a 4500
008
230921b ||||| |||| 00| 0 eng d
020
_a
0520056515
041
_a
eng
080
_a
521
082
_a
521BUR
100
_a
19
101
_a
ASTRO
245
_a
COSMIC DEBRIS
_c
BURKE .G.J
942
_2
udc
_c
BK
999
_c
60383
_d
60383